Statistics for 6 Countries That Produce The Most Tobacco

Click here to take the quiz!

General Stats

  • This quiz has been taken 37 times
  • The average score is 5 of 6

Answer Stats

RankAmount (In 1,000 metric tons)Country% Correct
5212.26United States
97%
2804.45India
94%
3769.8Brazil
91%
12,610.51China
91%
6197.25Indonesia
86%
4257.76Zimbabwe
11%

Score Distribution

Percentile by Number Answered

Percent of People with Each Score

Your Score History

You have not taken this quiz